000 00593nam a2200193Ia 4500
003 GCL
008 140319s9999 xx 000 0 ara d
040 _aGCL /
_cGCL
082 0 4 _aد
_b050
100 1 _aسيد مرعى
245 1 0 _aالطعام الرخيص هل انتهى عصره ? ( اقرا 385 ) /
_cسيد مرعى
300 _a168
490 _aوثائق ونصوص
_v0
650 0 4 _aالتنمية الاقتصادية
650 0 4 _aالاغذية
650 0 4 _aالامن الغذائى
650 0 4 _aالتغذية - الجوانب الاقتصادية
942 _2ddc
_cCF
999 _c27208
_d27208